• 首页
  • 本馆介绍
  • 公告通知
  • 最新文献
  • 馆藏检索
  • 电子资源
  • 读者导购
  • 参考咨询
  • 我的图书馆
  • 登录
  • 详细信息显示
  • 放入我的书架
  • 预约/预借图书
  • 作者相关作品
  • 分类相关作品
  • 丛书相关作品
  • 出版社相关作品

书目信息

  • 表格格式
  • 工作单格式
  • 卡片格式
题名:
北京地域文学语言研究
    
 
作者: 张继华 著
分册:  
出版信息: 成都   四川人民出版社  1999
页数: 417页
开本: 20cm
丛书名:
单 册:
中图分类: I045
科图分类:
主题词: 文学创作--写作学 , 文学创作--创作方法
电子资源:
ISBN: 7-220-04657-X
000 00591nam0 2200205 45
001 0206190830
005 20031219104056.7
010    @a7-220-04657-X@dCNY20.80
100    @a20020619d1999 km y0chiy0120 ea
101 0  @achi
105    @a z 000yy
200 1  @a北京地域文学语言研究@ABei Jing Di Yu Wen Xue Yu Yan Yan Jiu@f张继华著@FZhang Ji Hua Zhu
210    @a成都@c四川人民出版社@d1999
215    @a417页@d20cm
606 0  @a文学创作@x写作学
606 0  @a文学创作@x创作方法
690    @aI045@v4
701  0 @a张继华@4著
801    @aCN@bTSTC@c20020619
905    @b312297-299@dI045@e107@f3
    
    北京地域文学语言研究/张继华著.-成都:四川人民出版社,1999
    417页;20cm
    
    
    ISBN 7-220-04657-X:CNY20.80
    
●
相关链接 在E读中查询图书 在五车中查询图书 在当当中查询图书 在豆瓣中查询图书


正题名:北京地域文学语言研究     索取号:I045/107         预约/预借

序号 登录号 条形码 馆藏地/架位号 状态 备注
1 0312297   203122977   第二借阅区/ [索取号:I045/107] 在馆    
2 0312298   203122986   第二借阅区/ [索取号:I045/107] 在馆    
3 0312299   203122995   第一样本阅览室/ [索取号:I045/107] 在馆    
唐山师范学院图书馆 欢迎您!
大连网信软件有限公司© 版权所有